000 00406nam a2200157Ia 4500
003 Ost
005 20260225132550.0
008 260225s9999||||xx |||||||||||||| ||und||
040 _cfsic
041 _afre
082 _a440
100 _aBruno Jabert/Pierre Muller
_eAuteur
245 0 _al'état en action politiques publiques et corporatisme /
245 0 _cBruno Jabert/Pierre Muller
942 _cكتاب
999 _c34081
_d34081